Petita Historia d'Anglaterra / (Record no. 143148)

MARC details
000 -LEADER
campo de control de longitud fija 00569nam a2200205 4500
001 - NÚMERO DE CONTROL
campo de control 143148
003 - IDENTIFICADOR DE NÚMERO DE CONTROL
campo de control ES-MaACL
005 - FECHA Y HORA DE LA ÚLTIMA TRANSACCIÓN
campo de control 20230906200734.0
007 - CAMPO FIJO DE DESCRIPCIÓN FÍSICA--INFORMACIÓN GENERAL
campo de control de longitud fija t|
008 - DATOS DE LONGITUD FIJA--INFORMACIÓN GENERAL
campo de control de longitud fija 070214s1961 sp r ||||1| cat d
100 1# - ENTRADA PRINCIPAL--NOMBRE DE PERSONA
Nombre de persona Selles, Carmen F. de.
9 (RLIN) 105328
245 10 - MENCIÓN DEL TÍTULO
Título Petita Historia d'Anglaterra /
Mención de responsabilidad, etc. Carme F. de Selles.
250 ## - MENCION DE EDICION
Mención de edición [1ª ed.].
260 ## - PUBLICACIÓN, DISTRIBUCIÓN, ETC.
Lugar de publicación, distribución, etc. [S. l. :
Nombre del editor, distribuidor, etc. s. n.],
Fecha de publicación, distribución, etc. 1961 (
Lugar de fabricación/manufactura Granollers :
Fabricante Gráf. Garrell)
300 ## - DESCRIPCIÓN FÍSICA
Otras características físicas 134 p., 5 lám.
490 1# - MENCIÓN DE SERIE
Mención de serie 17 cm
830 0# - PUNTO DE ACCESO ADICIONAL DE SERIE-TÍTULO UNIFORME
Título uniforme 17 cm
9 (RLIN) 220542
852 ## - LOCALIZACIÓN
Ubicación ES-MaACL
Número de control de estantería C-21233
Sublocalización o colección R.49618
Holdings
Estatus retirado Estado de pérdida Estado de daño No para préstamo Biblioteca de origen Biblioteca actual Ubicación en estantería Fecha de adquisición Fuente de adquisición Total de préstamos Signatura topográfica completa Código de barras Visto por última vez Precio de reemplazo Tipo de ítem Koha
        Biblioteca del Ateneo de Madrid Biblioteca del Ateneo de Madrid Galería 17/01/2008     C-21233 1148936 23/02/2023 23/02/2023 Libro impreso